| 000 -LEADER |
| fixed length control field |
00858pam a2200229 a 4500 |
| 005 - DATE AND TIME OF LATEST TRANSACTION |
| control field |
20131021035756.0 |
| 008 - FIXED-LENGTH DATA ELEMENTS--GENERAL INFORMATION |
| fixed length control field |
920430s1992 enkb b 001 0 eng |
| 020 ## - INTERNATIONAL STANDARD BOOK NUMBER |
| International Standard Book Number |
0521439612 |
| 041 0# - LANGUAGE CODE |
| Language code of text/sound track or separate title |
eng |
| 080 ## - UNIVERSAL DECIMAL CLASSIFICATION NUMBER |
| Universal Decimal Classification number |
323.1 |
| 100 1# - Rafti |
| Rafti |
Hobsbawm, E. J. |
| 100 1# - Rafti |
| -- |
(Eric J.), |
| -- |
1917-2012. |
| 245 10 - TITLE STATEMENT |
| Title |
Nations and nationalism since 1780 : |
| Statement of responsibility, etc |
E.J. Hobsbawm. |
| 250 ## - |
| -- |
2nd ed. |
| 260 ## - |
| -- |
Cambridge [England] ; |
| -- |
New York : |
| -- |
Cambridge University Press, |
| -- |
1992. |
| 300 ## - |
| -- |
206 p. : |
| -- |
maps ; |
| -- |
22 cm. |
| 500 ## - |
| -- |
Preface : f. [VII] - VIII |
| 504 ## - BIBLIOGRAPHY, ETC. NOTE |
| Bibliography, etc |
Includes bibliographical references and index. |
| 650 #0 - |
| -- |
Nacionalizmi |
| -- |
Historia |
| 856 42 - |
| -- |
Publisher description |
| -- |
http://www.loc.gov/catdir/description/cam025/92014949.html |
| 856 41 - |
| -- |
Table of contents |
| -- |
http://www.loc.gov/catdir/toc/cam028/92014949.html |
| 942 ## - ADDED ENTRY ELEMENTS (KOHA) |
| Source of classification or shelving scheme |
|
| Item type |
Books |